Online
Catalog

La función judicial / (Record no. 24258)

MARC details
000 -CABECERA
campo de control de longitud fija 00986nam a2200277 a 4500
001 - NÚMERO DE CONTROL
campo de control 000024765
005 - FECHA Y HORA DE LA ÚLTIMA TRANSACCIÓN
campo de control 20260326113753.0
008 - DATOS DE LONGITUD FIJA--INFORMACIÓN GENERAL
campo de control de longitud fija 110203s1996 mx r 000 | spa d
020 ## - NÚMERO INTERNACIONAL ESTÁNDAR DEL LIBRO
Número Internacional Estándar del Libro 968698707X
040 ## - FUENTE DE LA CATALOGACIÓN
Centro catalogador/agencia de origen DO-SdBNP
Lengua de catalogación spa
Centro/agencia transcriptor BNPHU
082 ## - NÚMERO DE LA CLASIFICACIÓN DECIMAL DEWEY
Número de clasificación 347.05
Número de documento/Ítem N274f
049 ## - FONDOS LOCALES (OCLC)
Fondos de biblioteca BNGR
100 1# - ENTRADA PRINCIPAL--NOMBRE DE PERSONA
Nombre de persona Nathan Cardozo, Benjamín,
Fechas asociadas al nombre 1870-1938
9 (RLIN) 50818
245 13 - MENCIÓN DE TÍTULO
Título La función judicial /
Mención de responsabilidad, etc. Benjamín Nathan Cardozo ; traducción Victoria Cisneros, Leonel Pereznieto Castro; prólogo Harlan F. Stone.
260 ## - PUBLICACIÓN, DISTRIBUCIÓN, ETC.
Lugar de publicación, distribución, etc. México, D. F. :
Nombre del editor, distribuidor, etc. Pereznieto Editores,
Fecha de publicación, distribución, etc. 1996.
300 ## - DESCRIPCIÓN FÍSICA
Extensión xi, 94 p. ;
Dimensiones 21 cm.
490 1# - MENCIÓN DE SERIE
Mención de serie Derecho Comparado
504 ## - NOTA DE BIBLIOGRAFÍA, ETC.
Nota de bibliografía, etc. Incluye referencias bibliográficas
650 #4 - PUNTO DE ACCESO ADICIONAL DE MATERIA--TÉRMINO DE MATERIA
Término de materia o nombre geográfico como elemento de entrada Función judicial
9 (RLIN) 8466
650 #4 - PUNTO DE ACCESO ADICIONAL DE MATERIA--TÉRMINO DE MATERIA
Término de materia o nombre geográfico como elemento de entrada Interpretación del derecho
9 (RLIN) 9302
650 #0 - PUNTO DE ACCESO ADICIONAL DE MATERIA--TÉRMINO DE MATERIA
Término de materia o nombre geográfico como elemento de entrada Sentencias
9 (RLIN) 29701
700 1# - PUNTO DE ACCESO ADICIONAL--NOMBRE DE PERSONA
Nombre de persona Cisneros, Victoria,
Término indicativo de función/relación tr.
9 (RLIN) 50819
700 1# - PUNTO DE ACCESO ADICIONAL--NOMBRE DE PERSONA
Nombre de persona Pereznieto Castro, Leonel,
Término indicativo de función/relación tr.
9 (RLIN) 50820
700 1# - PUNTO DE ACCESO ADICIONAL--NOMBRE DE PERSONA
Nombre de persona Stone, Harlan F.
Término indicativo de función/relación pról.
9 (RLIN) 50821
830 #0 - PUNTO DE ACCESO ADICIONAL DE SERIE-TÍTULO UNIFORME
Título uniforme Derecho Comparado
9 (RLIN) 50822
Holdings
Estado de retiro Estado de pérdida Restricciones de uso No para préstamo Código de colección Localización permanente Ubicación/localización actual Ubicación en estantería Fecha de adquisición Número de inventario Total de préstamos Signatura topográfica completa Código de barras Fecha visto por última vez Precio válido a partir de Tipo de ítem Koha
        Monografías: Libros y Folletos General General En catalogación 03.02.2011 LF1   347.05 N274f 24765-10 25.06.2020 25.06.2020 Préstamo en sala

Powered by Koha